[Testimony of James P. Hosty, Jr].

Executive Session. Secret.

Bibliographic Details
Format: eBook
Language:English
Published: [Washington : U.S. G.P.O.], 1975.
Subjects:
Online Access:Electronic resource (PDF)

MARC

Tag First Indicator Second Indicator Subfields
LEADER 00000cam a22000001i 4500
001 in00004120939
005 20200117084900.0
006 m d f
007 cr bn mmmapmmp
008 091109s1975 dcu o f000 0 eng d
035 |a cis2007528110 
040 |a UMI  |b eng  |e rda  |c UMI  |d UtOrBLW 
043 |a n-us--- 
110 1 |a United States.  |b Congress.  |b Senate.  |b Select Committee to Study Governmental Operations with Respect to Intelligence Activities,  |e issuing body.  |0 http://id.loc.gov/authorities/names/n79049359 
245 1 0 |a [Testimony of James P. Hosty, Jr]. 
264 1 |a [Washington :  |b U.S. G.P.O.],  |c 1975. 
300 |a 162 pages, digital, PDF file. 
336 |a text  |2 rdacontent  |b txt 
337 |a computer  |b c  |2 rdamedia 
338 |a online resource  |2 rdacarrier  |b cr 
500 |a Record is based on bibliographic data in ProQuest Congressional Hearings Digital Collection (last viewed July 2018) Reuse except for individual research requires license from ProQuest, LLC. 
520 |a Executive Session. Secret. 
538 |a System requirements: PDF reader software. 
500 |a Electronic resource. 
650 0 |a Assassination.  |0 http://id.loc.gov/authorities/subjects/sh85008749 
650 0 |a Governmental investigations  |z United States.  |0 http://id.loc.gov/authorities/subjects/sh85056113 
650 0 |a Intelligence service.  |0 http://id.loc.gov/authorities/subjects/sh85067175 
776 0 8 |a United States. Congress. Senate. Select Committee to Study Governmental Operations with Respect to Intelligence Activities.  |t [Testimony of James P. Hosty, Jr]  |o 94 SS-T.73 
730 0 |a ProQuest U.S. Congressional Hearings Digital Collection. 
856 4 0 |u http://proxy.library.tamu.edu/login?url=http://congressional.proquest.com/congcomp/getdoc?HEARING-ID=HRG-1975-SGO-0065  |y Electronic resource (PDF)  |t 0 
999 f f |s 040cfafb-35f2-3f64-ab50-59168f2d1b2e  |i 15ea18c9-43bc-317a-bad9-567422d5f7c7  |t 0 
952 f f |a Texas A&M University  |b College Station  |c Electronic Resources  |d Available Online  |t 0  |h No information provided 
998 f f |t 0  |l Available Online